000 nam a22 7a 4500
999 _c128071
_d128071
008 180903b xxu||||| |||| 00| 0 eng d
050 _aHM 271.K76 1969
100 _aDavid, Knowles
_929192
245 _aAuthority
260 _aLondon
_bIncorporated Catholic Truth Society
_c1969
300 _a20p.
942 _2lcc
_cMONOGRAPH